Текст томруулах:    
Corporate governance update (Бичлэгийн дугаар. 146407)
000 -УДИРДЛАГА
Удирдлага 01400nam a22002657a 4500
003 - ХЯНАЛТЫН ТОО ТОДОРХОЙЛОГЧ
Код MN-UlNUM
005 - БИЧИЛТ ХИЙСЭН ОГНОО
Тухайн бичилтийг бичсэн засварласан сүүлийн огноо 20260310164537.0
008 - ЕРӨНХИЙ МЭДЭЭЛЭЛ
Ерөнхий мэдээлэл 260310s2001 nyu | 00| 0 eng d
020 ## - ISBN
ISBN 0072871388
-- 0072871388
040 ## - БИЧЛЭГ ҮҮСГЭГЧ БАЙГУУЛЛАГА
Бичлэг үүсгэгч номын сангийн код МУИС-ийн номын сан
084 ## - ББК АНГИЛАЛ
Нэмэлт тусгалт Нэг сэдэвт бүтээл
ББК ангилал 65.290-2
Зохиогчийн гурван тэмдэгт D 29
Мэдлэгийн ялгаа 65 - Эдийн засаг
100 ## - ЗОХИОГЧ
Зохиогчийн нэр Dess, Gregory G
245 ## - ҮНДСЭН ГАРЧИГ
Номын нэр Corporate governance update
Бага гарчгийн мэдээ To accompany
260 ## - ГАРАЛТЫН МЭДЭЭ
Хэвлэгдсэн газар New York
Хэвлэлийн газар McGraw Hill/Irwin
Хэвлэгдсэн он 2002
300 ## - МАТЕРИАЛЫН ТОДОРХОЙЛОЛТ
хуудасны тоо 27p.
500 ## - Тайлбар
Дансны дугаар БС 4410-4411
505 ## - Агуулгын тэмдэглэгээ
Агуулгын тэмдэглэгээ Strategic Creating Competitive Advantages (Concepts only), sixth Edition, by the prestigious authors Dess/Lumpkin/Eisner and new co-author Gerry McNamara provide solid treatment of traditional topics in strategic management as well as thorough coverage of contemporary topics such intellectual assets, entrepreneurship, innovation, knowledge management, Internet strategies, crowdsourcing, environmental sustainability, businesses’ use of blogs and social networking sites and more. The text is rounded off by rich, relevant, and teachable cases. This text’s accessible writing style and wealth of new and updated illustrations, which clarify the most difficult topics, make this text the best resource for your students.
546 ## - ХЭЛНИЙ ТУХАЙ МЭДЭЭ
Хэл Англи хэл дээр,
653 ## - Түлхүүр үг
Түлхүүр үг strategic management
653 ## - Түлхүүр үг
Түлхүүр үг competitive advantage
653 ## - Түлхүүр үг
Түлхүүр үг management
700 ## - ХАМ ЗОХИОГЧИД
Ба бус Limpkin, G. T
942 ## - ЭЛЕМЕНТИЙН ТӨРӨЛ
Зүйлийн төрөл Ном